Mediation and the courts in Scotland (Record no. 83064)
[ view plain ]
| 000 -LEADER | |
|---|---|
| fixed length control field | 01030cad a22002055a 4500 |
| 001 - CONTROL NUMBER | |
| control field | E152709 |
| 008 - FIXED-LENGTH DATA ELEMENTS--GENERAL INFORMATION | |
| fixed length control field | 110418e20100429xxk 000 0 eng d |
| 035 ## - SYSTEM CONTROL NUMBER | |
| System control number | (Sirsi) u152709 |
| 041 0# - LANGUAGE CODE | |
| Language code of text/sound track or separate title | eng |
| 100 1# - MAIN ENTRY--PERSONAL NAME | |
| Personal name | Shaw, Murray |
| 245 00 - TITLE STATEMENT | |
| Title | Mediation and the courts in Scotland |
| Medium | [electronic resource] |
| 260 ## - PUBLICATION, DISTRIBUTION, ETC. | |
| Date of publication, distribution, etc. | 2010 |
| 490 ## - SERIES STATEMENT | |
| Series statement | Biggart Baillie Ideas and Insights |
| Volume/sequential designation | 29 April 2010 |
| 520 ## - SUMMARY, ETC. | |
| Summary, etc. | Looks at the use of mediation in Scotland and compares this to the situation in England. Suggests that the use of mediation and other forms of alternative dispute resoluation (ADR) may grow as the Scottish Government promotes ADR as an alternative to litigation. |
| 590 ## - LOCAL NOTE (RLIN) | |
| Local note | KA |
| 651 #4 - SUBJECT ADDED ENTRY--GEOGRAPHIC NAME | |
| Geographic name | Scotland |
| Chronological subdivision | 1999- |
| 690 ## - LOCAL SUBJECT ADDED ENTRY--TOPICAL TERM (OCLC, RLIN) | |
| Topical term or geographic name as entry element | MANAGEMENT-DISPUTE AVOIDANCE, MANAGEMENT AND RESOLUTION-DISPUTE MANAGEMENT AND RESOLUTION |
| 856 40 - ELECTRONIC LOCATION AND ACCESS | |
| Uniform Resource Identifier | <a href="https://www.biggartbaillie.co.uk/ideas--insights/all-articles/planning--construction/mediation-and-the-courts-in-scotland.aspx">https://www.biggartbaillie.co.uk/ideas--insights/all-articles/planning--construction/mediation-and-the-courts-in-scotland.aspx</a> |
| Public note | View the article free of charge at www.biggartbaillie.co.uk |
| 942 ## - ADDED ENTRY ELEMENTS (KOHA) | |
| Suppress in OPAC | 0 |
| Withdrawn status | Lost status | Source of classification or shelving scheme | Damaged status | Not for loan | Home library | Current library | Shelving location | Date acquired | Total Checkouts | Full call number | Barcode | Date last seen | Copy number | Price effective from | Koha item type |
|---|---|---|---|---|---|---|---|---|---|---|---|---|---|---|---|
| Dewey Decimal Classification | Virtual | Virtual | Online | 18/04/2011 | ONLINE PUBLICATION | 152709-2001 | 06/08/2019 | 1 | 06/08/2019 | Journal article |